Stolice do flagi - Statystyki

Ogólne statystyki
  • Ten quiz został rozwiązany 7 razy
  • Średni wynik to 8 z 12
Statystyki odpowiedzi
Obrazkowy Odpowiedź % Poprawnych
Vaduz
100%
Brasilia
83%
Canberra
83%
Hawana
83%
Paryż
83%
Mogadiszu
67%
Tbilisi
67%
Apia
50%
Duszanbe
50%
Erywań
50%
KIngston
50%
Mbabane
33%
Nie znaleziono quizów pasujących do podanych kryteriów
Rozkład punktacji
Procent ludzi z każdym wynikiem
Percentyl według liczby udzielonych odpowiedzi
Twoja historia wyników
Nie rozwiązałeś tego quizu